000 00264nam a2200097Ia 4500
001 683196
005 20250826161433.0
008 250824s9999 xx 000 0 und d
245 0 _aAŞKIN GÖZYAŞLARI II MEVLANA
_cSİNAN YAĞMUR
260 _bKARATAY AKADEMİ YAYINLARI
999 _c683196
_d683196